[Event "CRO Team Cup"]
[Site "Mali Losinj"]
[Date "2017.05.13"]
[Round "5.81"]
[White "Zelic, Zdravko"]
[Black "Bender, Ivan"]
[Result "0-1"]
[WhiteElo "2368"]
[BlackElo "2248"]
[PlyCount "50"]
[EventDate "2017.??.??"]

1. e4 c6 2. d4 d5 3. Nc3 dxe4 4. Nxe4 Bf5 5. Ng3 Bg6 6. Nf3 e6 7. h4 h6 8. h5
Bh7 9. Bd3 Bxd3 10. Qxd3 Nf6 11. Bd2 Be7 12. O-O-O O-O 13. Qe2 c5 14. dxc5 Qc7
15. Ne4 Nbd7 16. g4 Nxe4 17. Qxe4 Nxc5 18. Qc4 b5 19. Qxb5 Rab8 20. Qe2 Rxb2
21. Bc3 Qf4+ 22. Kxb2 Na4+ 23. Ka1 Nxc3 24. Qe3 Qc4 25. Kb2 Rb8+ 0-1

[Event "CRO Team Cup"]
[Site "Mali Losinj"]
[Date "2017.05.13"]
[Round "5.82"]
[White "Jelcic, Marko"]
[Black "Zelic, Branko"]
[Result "0-1"]
[WhiteElo "2147"]
[BlackElo "2239"]
[PlyCount "86"]
[EventDate "2017.??.??"]

1. e4 c6 2. d4 d5 3. exd5 cxd5 4. c4 Nf6 5. Nc3 g6 6. cxd5 Bg7 7. Bc4 O-O 8.
Bg5 Nbd7 9. Nge2 Nb6 10. Bxf6 Bxf6 11. Bb3 Bg4 12. f3 Bd7 13. O-O Bg7 14. Qd3
Bf5 15. Qe3 Rc8 16. Ng3 Bd7 17. Qd3 Qc7 18. Rfe1 Rfe8 19. Rac1 Qf4 20. Nce2 Qd6
21. Ne4 Qb4 22. a3 Qb5 23. Qxb5 Bxb5 24. Rcd1 Bc4 25. Bxc4 Nxc4 26. N4c3 Nxb2
27. Rb1 Rxc3 28. Rxb2 Rxa3 29. Rxb7 Bf6 30. Reb1 Ra2 31. Kf1 Rd8 32. Rb8 Rxb8
33. Rxb8+ Kg7 34. f4 a5 35. Ra8 h5 36. g3 a4 37. Ke1 g5 38. Ra7 a3 39. h3 gxf4
40. gxf4 Kg6 41. Ra5 Bh4+ 42. Kd1 Bf2 43. Nc1 Ra1 0-1

[Event "CRO Team Cup"]
[Site "Mali Losinj"]
[Date "2017.05.13"]
[Round "5.83"]
[White "Kurecic, Mladen"]
[Black "Ivankovic, Ivo"]
[Result "1-0"]
[WhiteElo "2023"]
[BlackElo "2174"]
[PlyCount "57"]
[EventDate "2017.??.??"]

1. b3 e5 2. Bb2 Nc6 3. g3 g6 4. f4 Bg7 5. Nf3 d6 6. fxe5 Nxe5 7. Nxe5 dxe5 8.
Bg2 c6 9. O-O Be6 10. d3 Ne7 11. e4 Qd7 12. Nd2 h5 13. Nf3 f6 14. d4 exd4 15.
Qxd4 Qc7 16. Rad1 Nc8 17. Ba3 Bg4 18. Rd3 Nb6 19. Bd6 Qd7 20. Qc5 Qc8 21. a4
Bh3 22. e5 Bxg2 23. Kxg2 f5 24. c4 Nd7 25. Qe3 Bh6 26. Qd4 Rg8 27. e6 Nf8 28.
Qf6 Qxe6 29. Re1 1-0

[Event "CRO Team Cup"]
[Site "Mali Losinj"]
[Date "2017.05.13"]
[Round "5.84"]
[White "Music, Tomislav"]
[Black "Tretinjak, Dario"]
[Result "0-1"]
[WhiteElo "2066"]
[BlackElo "1818"]
[PlyCount "70"]
[EventDate "2017.??.??"]

1. f4 Nf6 2. Nf3 e6 3. e3 b6 4. Be2 Bb7 5. O-O c5 6. b3 g6 7. Bb2 Bg7 8. h3 d5
9. d3 O-O 10. Nbd2 Nc6 11. Qe1 Rc8 12. Ne5 Nd7 13. Nxc6 Bxc6 14. Bxg7 Kxg7 15.
Qg3 Nf6 16. Rad1 Qe7 17. Nf3 b5 18. Ne5 Nd7 19. Rf2 f5 20. Bf3 Nxe5 21. fxe5 b4
22. Rfd2 d4 23. Qf2 Bxf3 24. Qxf3 Rfd8 25. e4 Rf8 26. Qg3 Qc7 27. exf5 Rxf5 28.
Re2 Rcf8 29. Rdd2 a5 30. Qg4 Qf7 31. Qg3 Rf1+ 32. Kh2 Qf4 33. Qxf4 R1xf4 34.
Kg3 h5 35. Rf2 h4+ 0-1

[Event "CRO Team Cup"]
[Site "Mali Losinj"]
[Date "2017.05.13"]
[Round "5.91"]
[White "Kelemen, Miljenko"]
[Black "Makaj, Marko"]
[Result "0-1"]
[WhiteElo "1969"]
[BlackElo "2330"]
[PlyCount "54"]
[EventDate "2017.??.??"]

1. d4 d6 2. Nf3 g6 3. Bf4 Bg7 4. e3 Nd7 5. c3 e5 6. Bg5 Ne7 7. Qb3 O-O 8. h4 h6
9. Bxe7 Qxe7 10. Be2 b6 11. Nbd2 Bb7 12. Rh3 e4 13. Ng1 d5 14. O-O-O c5 15. Bb5
Nf6 16. Qa3 a6 17. Be2 Qc7 18. g4 Rfc8 19. g5 hxg5 20. h5 g4 21. hxg6 gxh3 22.
gxf7+ Qxf7 23. Nxh3 cxd4 24. Ng5 Qf8 25. Qb3 dxc3 26. bxc3 Qe7 27. Kb1 Qe5 0-1

[Event "CRO Team Cup"]
[Site "Mali Losinj"]
[Date "2017.05.13"]
[Round "5.92"]
[White "Nemec, Vjekoslav"]
[Black "Florjan, Mladen"]
[Result "1-0"]
[WhiteElo "2172"]
[BlackElo "2001"]
[PlyCount "119"]
[EventDate "2017.??.??"]

1. e4 c5 2. Nf3 d6 3. d4 cxd4 4. Nxd4 Nf6 5. f3 e5 6. Nb3 Be6 7. c4 Be7 8. Be3
O-O 9. Be2 Nbd7 10. O-O Nh5 11. Qd2 Nb6 12. Na3 a6 13. Rfd1 Rc8 14. Rac1 Qc7
15. c5 dxc5 16. Nxc5 Bxc5 17. Rxc5 Qb8 18. Rxc8 Nxc8 19. Bc5 Re8 20. Qd8 Nf6
21. Nb5 axb5 22. Bxb5 Nd6 23. Qxd6 Qxd6 24. Rxd6 Rc8 25. a4 Ne8 26. Bxe8 Rxe8
27. b4 h5 28. Rb6 Bc8 29. Kf2 Re6 30. Bd6 f6 31. b5 Kf7 32. a5 Ke8 33. a6 bxa6
34. bxa6 Bxa6 35. Rxa6 Kd7 36. Ra7+ Kxd6 37. Rxg7 Re7 38. Rg6 Ke6 39. Rh6 Rg7
40. Rxh5 Kf7 41. g4 Kg6 42. Rh8 Rd7 43. h4 Rd2+ 44. Kg3 Rd1 45. Rh5 Rd8 46. Rf5
Re8 47. g5 fxg5 48. Rxg5+ Kf6 49. Kg4 Rh8 50. h5 Rh6 51. Rf5+ Ke6 52. Kg5 Rh8
53. Rf6+ Ke7 54. h6 Re8 55. h7 Rh8 56. Rh6 Kf7 57. Kf5 Kg7 58. Rh1 Rf8+ 59.
Kxe5 Re8+ 60. Kd4 1-0

[Event "CRO Team Cup"]
[Site "Mali Losinj"]
[Date "2017.05.13"]
[Round "5.93"]
[White "Spiranec, Miljenko"]
[Black "Pavic, Jakov"]
[Result "0-1"]
[WhiteElo "1808"]
[BlackElo "2144"]
[PlyCount "92"]
[EventDate "2017.??.??"]

1. d4 Nf6 2. Nf3 g6 3. Bg5 Bg7 4. Nbd2 d5 5. e3 O-O 6. Bd3 Nbd7 7. O-O c5 8. c3
b6 9. a4 Re8 10. Qb1 e5 11. Bb5 exd4 12. cxd4 Re6 13. Rc1 Qf8 14. Qc2 a6 15.
Bf1 Bb7 16. b3 Rc8 17. Qa2 Rec6 18. Bd3 Qe8 19. Qb1 Qe6 20. Ra2 cxd4 21. Rxc6
Qxc6 22. Rc2 Qd6 23. Bf4 Qf8 24. Nxd4 Nc5 25. Be2 Nfe4 26. N2f3 h6 27. h3 Qe7
28. Qe1 a5 29. Qb1 Ne6 30. Rxc8+ Bxc8 31. Qc2 N6c5 32. Nc6 Qf6 33. Ncd4 Qe7 34.
Nc6 Qf6 35. Ncd4 Qe7 36. Bb5 g5 37. Bh2 h5 38. Nc6 Qf8 39. Be5 g4 40. hxg4 hxg4
41. Nfd4 Bxe5 42. Nxe5 Qh6 43. Ne2 g3 44. Nxg3 Nxg3 45. fxg3 Qxe3+ 46. Qf2 Qxe5
0-1

[Event "CRO Team Cup"]
[Site "Mali Losinj"]
[Date "2017.05.13"]
[Round "5.101"]
[White "Boban, Sten"]
[Black "Tomulic, Teo"]
[Result "1-0"]
[WhiteElo "2075"]
[BlackElo "2319"]
[PlyCount "86"]
[EventDate "2017.??.??"]

1. d4 Nf6 2. c4 e6 3. Nc3 d5 4. cxd5 exd5 5. Bg5 Be7 6. Qc2 c5 7. e3 Nc6 8.
dxc5 O-O 9. a3 d4 10. Rd1 Ng4 11. Bf4 Bxc5 12. Nf3 Qe8 13. Nd5 dxe3 14. Qxc5
exf2+ 15. Kd2 b6 16. Qxc6 Bd7 17. Qd6 Bf5 18. Ne7+ Kh8 19. Kc3 Nf6 20. Ng5 Qa4
21. b3 Qa5+ 22. Qb4 Qxb4+ 23. axb4 Bg4 24. Bc4 Bxd1 25. Rxd1 Rae8 26. Nxf7+
Rxf7 27. Bxf7 f1=Q 28. Rxf1 Rxe7 29. Bc4 h6 30. Rd1 Kh7 31. Rd8 Re1 32. Bd3+ g6
33. Rd6 Kg7 34. Bxh6+ Kf7 35. Bg5 Ne4+ 36. Bxe4 Rxe4 37. Rd7+ Ke8 38. Rxa7 Rg4
39. h4 Rxg2 40. Rh7 Rg3+ 41. Kc4 Rg4+ 42. Kb5 Rg3 43. Kxb6 Rxb3 1-0

[Event "CRO Team Cup"]
[Site "Mali Losinj"]
[Date "2017.05.13"]
[Round "5.102"]
[White "Begonja, Veljko"]
[Black "Djuric, Petar"]
[Result "1-0"]
[WhiteElo "2125"]
[BlackElo "1954"]
[PlyCount "111"]
[EventDate "2017.??.??"]

1. d4 d5 2. c4 e6 3. Nc3 Nf6 4. Bg5 Be7 5. e3 c6 6. Qc2 Nbd7 7. cxd5 exd5 8.
Bd3 h6 9. Bh4 O-O 10. Nge2 c5 11. Bxf6 Nxf6 12. dxc5 Bxc5 13. O-O b6 14. Rad1
Qe7 15. Bf5 Rd8 16. Rfe1 Bxf5 17. Qxf5 Qe6 18. Qf3 Bb4 19. Rd4 Bxc3 20. Nxc3
Rd7 21. Red1 Rad8 22. Ne2 Qe4 23. Nc3 Qxf3 24. gxf3 Kf8 25. R4d2 Ke7 26. Nb5 g6
27. Rc2 Nh7 28. Nd4 Ke8 29. b4 Ng5 30. Kf1 Ne6 31. Ke2 Nxd4+ 32. Rxd4 Ke7 33.
Kd3 Ke6 34. b5 f6 35. Ra4 Re7 36. Kd4 f5 37. Ra3 Rd6 38. Rac3 g5 39. Rc8 f4 40.
R8c7 Red7 41. Rxd7 Rxd7 42. Rc6+ Kf5 43. Rxh6 fxe3 44. fxe3 Rc7 45. Rc6 Rh7 46.
Kxd5 g4 47. e4+ Kg5 48. fxg4 Rxh2 49. a4 Rd2+ 50. Ke5 Kxg4 51. Rc7 Kf3 52. Rxa7
Ra2 53. Kf5 Ke3 54. e5 Kd4 55. Ke6 Rh2 56. Kd6 1-0

[Event "CRO Team Cup"]
[Site "Mali Losinj"]
[Date "2017.05.13"]
[Round "5.103"]
[White "Zakic, Marko"]
[Black "Safar, Sandro"]
[Result "1-0"]
[WhiteElo "1861"]
[BlackElo "2179"]
[PlyCount "177"]
[EventDate "2017.??.??"]

1. e4 c5 2. Nf3 Nc6 3. d4 cxd4 4. Nxd4 g6 5. Nc3 Bg7 6. Be3 Nf6 7. Bc4 Qa5 8.
O-O O-O 9. Nb3 Qd8 10. f4 d6 11. Be2 a5 12. a4 Be6 13. Nd2 d5 14. exd5 Nxd5 15.
Nxd5 Bxd5 16. c3 e5 17. f5 gxf5 18. Rxf5 Ne7 19. Rh5 f5 20. Qc2 Bf7 21. Bc4 Rc8
22. Bxf7+ Rxf7 23. Rd1 Qe8 24. Nf3 Bf6 25. Bg5 e4 26. Nh4 Rd8 27. Rf1 Qd7 28.
Bxf6 Rxf6 29. Qb3+ Qd5 30. Rg5+ Kh8 31. Qc2 h6 32. Rh5 e3 33. Nf3 Qd3 34. Qc1
e2 35. Re1 f4 36. Re5 Nd5 37. R5xe2 Rg8 38. Rf2 Ne3 39. Qd2 Qf5 40. Qd4 Kh7 41.
Qe5 Qg6 42. Nh4 Qg5 43. Qxg5 hxg5 44. Rxe3 fxe3 45. Rxf6 Rd8 46. Kf1 gxh4 47.
Ke2 Rd2+ 48. Kxe3 Rxg2 49. Rf2 Rg1 50. Rf4 Rg2 51. Rxh4+ Kg6 52. b3 Rb2 53. b4
Kg5 54. Rd4 Rxh2 55. Rd5+ Kf6 56. Rxa5 Ke6 57. Rb5 Rh7 58. Kd4 Kd6 59. Rb6+ Kc7
60. Rg6 Rh4+ 61. Kd5 Rh5+ 62. Kc4 Rh4+ 63. Kb3 Rh1 64. a5 Ra1 65. c4 Kb8 66.
Kc3 Ka7 67. Kd4 Rh1 68. Rg5 Ka6 69. Kc5 Rh6 70. Rd5 Rc6+ 71. Kd4 Rh6 72. Re5
Rd6+ 73. Ke4 Rd8 74. Re6+ Ka7 75. Ke5 Rd2 76. Rd6 Rb2 77. Rb6 Rd2 78. c5 Rd1
79. c6 bxc6 80. Rxc6 Rb1 81. Rb6 Rd1 82. b5 Rd2 83. Rc6 Kb7 84. a6+ Ka7 85.
Rc7+ Kb8 86. b6 Ra2 87. a7+ Ka8 88. Rc8+ Kb7 89. Rb8+ 1-0

[Event "CRO Team Cup"]
[Site "Mali Losinj"]
[Date "2017.05.13"]
[Round "5.121"]
[White "Bulic, Domagoj"]
[Black "Sasvari, Zelimir"]
[Result "1/2-1/2"]
[WhiteElo "2187"]
[BlackElo "2199"]
[PlyCount "110"]
[EventDate "2017.??.??"]

1. c4 c5 2. Nc3 Nc6 3. e4 g6 4. d3 Bg7 5. f4 d6 6. Nf3 e6 7. Be2 Nge7 8. Be3
Nd4 9. O-O a6 10. Bf2 Bd7 11. Qd2 Bc6 12. Rab1 a5 13. Bd1 Qd7 14. Nxd4 cxd4 15.
Ne2 e5 16. a3 a4 17. Rc1 f6 18. Bg3 h5 19. h3 h4 20. Bh2 Qd8 21. Qb4 Ra6 22. c5
d5 23. fxe5 fxe5 24. Bc2 Qa5 25. Rce1 Qxb4 26. axb4 dxe4 27. dxe4 Bb5 28. Nc1
Bxf1 29. Rxf1 a3 30. bxa3 Rxa3 31. Nd3 Rh5 32. Ne1 Bh6 33. Bd1 Be3+ 34. Kh1 Rh7
35. Bxe5 Rf7 36. Nf3 Nc6 37. Bd6 d3 38. b5 Nd8 39. c6 Rc3 40. c7 Rcxc7 41. Bxc7
Rxc7 42. Nxh4 Rf7 43. Rxf7 Kxf7 44. g3 b6 45. Kg2 Nb7 46. Nf3 Ke6 47. Ne1 Nc5
48. Kf3 Bc1 49. Ng2 Nd7 50. Nf4+ Kf6 51. Nxd3 Ne5+ 52. Nxe5 Kxe5 53. h4 Bd2 54.
Bb3 Bc3 55. g4 Kf6 1/2-1/2

[Event "CRO Team Cup"]
[Site "Mali Losinj"]
[Date "2017.05.13"]
[Round "5.122"]
[White "Susnjar, Miroslav"]
[Black "Barcal, Aleksandar"]
[Result "1-0"]
[WhiteElo "2160"]
[BlackElo "2001"]
[PlyCount "71"]
[EventDate "2017.??.??"]

1. d4 d5 2. c4 e6 3. Nf3 Nf6 4. g3 Bb4+ 5. Bd2 Bxd2+ 6. Qxd2 b6 7. Bg2 Bb7 8.
Ne5 Ne4 9. Qc2 f6 10. Nf3 O-O 11. Nc3 Nxc3 12. Qxc3 Nd7 13. O-O c5 14. dxc5
Nxc5 15. Rfd1 Qe7 16. Rac1 dxc4 17. Nd4 Bd5 18. Nf5 Qe8 19. Rxd5 exd5 20. Bxd5+
Kh8 21. Bxa8 Qxa8 22. Qxc4 Qe8 23. b4 Ne6 24. Qc6 g6 25. Qxe8 Rxe8 26. Nd6 Re7
27. e3 Rd7 28. Ne8 f5 29. Rc8 Nd8 30. Kg2 Rd2 31. Nc7 Rd6 32. Nb5 Rd7 33. Nxa7
Rxa7 34. Rxd8+ Kg7 35. Rb8 Rxa2 36. Rxb6 1-0

[Event "CRO Team Cup"]
[Site "Mali Losinj"]
[Date "2017.05.13"]
[Round "5.123"]
[White "Kovacevic, Matija"]
[Black "Kovacevic, Srecko"]
[Result "1-0"]
[WhiteElo "1993"]
[BlackElo "2102"]
[PlyCount "85"]
[EventDate "2017.??.??"]

1. d4 Nf6 2. c4 e5 3. dxe5 Ng4 4. e4 Nxe5 5. f4 Nec6 6. Be3 Na6 7. Nc3 Bc5 8.
Qd2 O-O 9. Bd3 Bxe3 10. Qxe3 d6 11. O-O-O Qe8 12. Nf3 Bd7 13. Rhe1 Rd8 14. Nd5
Ncb4 15. Nxb4 Nxb4 16. Bb1 Be6 17. a3 Nc6 18. Qc3 f6 19. Nd4 Nxd4 20. Qxd4 Qc6
21. Bd3 b5 22. Rd2 Rb8 23. Rc2 b4 24. axb4 Rxb4 25. Kd2 Rfb8 26. Ra1 Ra4 27.
Rxa4 Qxa4 28. h3 Rb3 29. Ke2 Rb4 30. e5 fxe5 31. fxe5 d5 32. Qh4 g6 33. Qd8+
Kg7 34. Qf6+ Kh6 35. Qxe6 dxc4 36. Rxc4 Rxb2+ 37. Ke3 Rb4 38. Rxc7 Rh4 39. Rc4
Rxc4 40. Qxc4 Qa1 41. Qf4+ Kg7 42. Qf6+ Kh6 43. Qf8+ 1-0

[Event "CRO Team Cup"]
[Site "Mali Losinj"]
[Date "2017.05.13"]
[Round "5.124"]
[White "Sesar, Ante"]
[Black "Juras, Zvonko"]
[Result "1/2-1/2"]
[WhiteElo "1630"]
[BlackElo "1914"]
[PlyCount "67"]
[EventDate "2017.??.??"]

1. d4 Nf6 2. Bf4 g6 3. e3 Bg7 4. Nd2 O-O 5. Ngf3 b6 6. Be2 Bb7 7. O-O d6 8. Re1
Nbd7 9. Rc1 c5 10. c4 h6 11. d5 g5 12. Bg3 Nh5 13. Qc2 Nxg3 14. hxg3 e5 15. Ne4
Qe7 16. Nh2 f5 17. Nc3 Nf6 18. a4 Bc8 19. g4 fxg4 20. g3 Qf7 21. Bd3 Bd7 22.
Nb5 Qe7 23. Bf5 Bxf5 24. Qxf5 Nxd5 25. Qxg4 Nf6 26. Qd1 Rac8 27. Rc2 Rcd8 28.
e4 Qe6 29. b3 Rf7 30. Rd2 Bf8 31. Kg2 Kg7 32. g4 a6 33. Nc3 Be7 34. Re3 1/2-1/2

[Event "CRO Team Cup"]
[Site "Mali Losinj"]
[Date "2017.05.14"]
[Round "6.12"]
[White "Kozul, Zdenko"]
[Black "Saric, Ibro"]
[Result "0-1"]
[WhiteElo "2617"]
[BlackElo "2555"]
[PlyCount "102"]
[EventDate "2017.??.??"]
[WhiteClock "1:30:00"]
[BlackClock "1:30:00"]

1. d4 d5 2. c4 e6 3. Nf3 a6 4. Bg5 Be7 5. Bxe7 Qxe7 6. e3 Nf6 7. Nbd2 O-O 8.
Rc1 Nc6 9. cxd5 exd5 10. Be2 Bg4 11. O-O Na7 12. Qc2 c6 13. Bd3 Bxf3 14. gxf3
Nb5 15. Kh1 Rfc8 16. Rg1 Kh8 17. a4 Nc7 18. f4 a5 19. Nf3 Nce8 20. Ne5 Rc7 21.
f3 b6 22. Qf2 c5 23. Rce1 cxd4 24. exd4 Qb4 25. Bb5 Rac8 26. Nd3 Qf8 27. Ne5
Qb4 28. Qe3 Nd6 29. Nd3 Nc4 30. Nxb4 Nxe3 31. Rxe3 axb4 32. Rb3 Rc2 33. Rxb4
Rd2 34. Rb1 Rcc2 35. Bf1 Rxh2+ 36. Kg1 g6 37. Rxb6 Nh5 38. Rc1 Rcd2 39. Rd1 Rc2
40. Rc1 Rxc1 41. Kxh2 Rxf1 42. f5 Ra1 43. f6 h6 44. b3 g5 45. Rb7 Ra2+ 46. Kg1
Kh7 47. Rxf7+ Kg6 48. Ra7 Kxf6 49. b4 Nf4 50. b5 h5 51. Ra8 g4 0-1

[Event "CRO Team Cup"]
[Site "Mali Losinj"]
[Date "2017.05.14"]
[Round "6.13"]
[White "Plenca, Julijan"]
[Black "Jankovic, Alojzije"]
[Result "1-0"]
[WhiteElo "2406"]
[BlackElo "2582"]
[PlyCount "79"]
[EventDate "2017.??.??"]
[WhiteClock "1:26:00"]
[BlackClock "1:30:00"]

1. e4 c5 2. Nf3 Nc6 3. d4 cxd4 4. Nxd4 Nf6 5. Nc3 d6 6. Bg5 e6 7. Qd2 a6 8.
O-O-O Bd7 9. f4 b5 10. Bxf6 gxf6 11. Kb1 Qb6 12. Nxc6 Bxc6 13. f5 b4 14. Ne2 e5
15. Ng3 h5 16. h4 Qc5 17. Bd3 Bh6 18. Qe2 Qe3 19. Nxh5 Ke7 20. Qf1 Bxe4 21. Rg1
Rac8 22. g4 Bxd3 23. Rxd3 Qc5 24. Qd1 Be3 25. Rg2 Rxh5 26. gxh5 Bh6 27. c3 Qb6
28. Qb3 a5 29. a4 Rb8 30. cxb4 Qxb4 31. Qxb4 Rxb4 32. Rc2 e4 33. Rc7+ Kd8 34.
Rdc3 d5 35. Rxf7 e3 36. Rcc7 e2 37. Rfd7+ Ke8 38. Re7+ Kd8 39. Rcd7+ Kc8 40.
Rxd5 1-0

[Event "CRO Team Cup"]
[Site "Mali Losinj"]
[Date "2017.05.14"]
[Round "6.14"]
[White "Zelcic, Robert"]
[Black "Matko, Ognjen"]
[Result "1/2-1/2"]
[WhiteElo "2500"]
[BlackElo "2302"]
[PlyCount "83"]
[EventDate "2017.??.??"]
[WhiteClock "1:30:00"]
[BlackClock "1:30:00"]

1. e4 e6 2. d4 d5 3. Nc3 Bb4 4. Qf3 Nf6 5. e5 Ne4 6. a3 Bxc3+ 7. bxc3 c5 8. Bd3
Qa5 9. Ne2 O-O 10. O-O f5 11. dxc5 Nd7 12. Bxe4 dxe4 13. Qg3 Qxc5 14. Bf4 Nb6
15. Rfd1 Nd5 16. h4 Bd7 17. Be3 Qc4 18. Nf4 Qxc3 19. h5 Nxf4 20. Qxf4 Bc6 21.
h6 g6 22. Rac1 Bd5 23. Rd4 b5 24. Rb1 a6 25. a4 Qxc2 26. Rc1 Qb2 27. Rc7 bxa4
28. Qh4 Rae8 29. Rg7+ Kh8 30. Re7 Qb5 31. Rxd5 exd5 32. e6 Qb2 33. Rf7 Kg8 34.
Rg7+ Kh8 35. Qf4 Rxe6 36. Qc7 Qa1+ 37. Bc1 a3 38. Rxh7+ Kg8 39. Rg7+ Kh8 40. g3
a2 41. Kg2 Qf6 42. Rh7+ 1/2-1/2

[Event "CRO Team Cup"]
[Site "Mali Losinj"]
[Date "2017.05.14"]
[Round "6.21"]
[White "Saric, Ivan"]
[Black "Jovanovic, Zoran"]
[Result "1/2-1/2"]
[WhiteElo "2618"]
[BlackElo "2537"]
[PlyCount "89"]
[EventDate "2017.??.??"]
[WhiteClock "1:30:00"]
[BlackClock "1:30:00"]

1. e4 d6 2. d4 Nf6 3. Nc3 e5 4. Nf3 Nbd7 5. Bc4 Be7 6. a4 O-O 7. O-O exd4 8.
Nxd4 Ne5 9. Ba2 Re8 10. f4 Ng6 11. Nf3 Be6 12. Bxe6 fxe6 13. f5 exf5 14. exf5
Nf8 15. Kh1 d5 16. g4 Nxg4 17. Qd4 Nf6 18. Rg1 N8d7 19. Bh6 Bf8 20. Nxd5 Ne5
21. Nxf6+ Qxf6 22. Qd5+ Kh8 23. Nxe5 Qxe5 24. Qg2 Qe4 25. Bd2 Bd6 26. Qxe4 Rxe4
27. Bc3 Be5 28. Rae1 Rxe1 29. Rxe1 Bxc3 30. bxc3 Kg8 31. Re7 Rd8 32. Rxc7 Rd1+
33. Kg2 Rc1 34. Rxb7 Rxc2+ 35. Kg1 Rc1+ 36. Kf2 Rxc3 37. Rxa7 Rc5 38. a5 Rxf5+
39. Ke3 h5 40. a6 Ra5 41. Kd4 h4 42. Kc4 h3 43. Kb4 Ra2 44. Kb3 Ra1 45. Ra8+
1/2-1/2

[Event "CRO Team Cup"]
[Site "Mali Losinj"]
[Date "2017.05.14"]
[Round "6.22"]
[White "Pikula, Dejan"]
[Black "Markus, Robert"]
[Result "1/2-1/2"]
[WhiteElo "2452"]
[BlackElo "2673"]
[PlyCount "77"]
[EventDate "2017.??.??"]
[WhiteClock "1:29:00"]
[BlackClock "1:30:00"]

1. e4 e6 2. d4 d5 3. Nc3 Bb4 4. e5 c5 5. a3 Bxc3+ 6. bxc3 Qa5 7. Bd2 Qa4 8. Qb1
c4 9. h4 Nc6 10. g3 Bd7 11. Bh3 O-O-O 12. h5 h6 13. Ne2 Nge7 14. Nf4 Kb8 15.
Kf1 Qa5 16. Qe1 Rdg8 17. Kg1 Nd8 18. a4 Bxa4 19. Bc1 Nc8 20. Ba3 Qb5 21. Qe2
Qd7 22. Kh2 Bc6 23. Rhb1 b6 24. Ra2 Nb7 25. Ng2 b5 26. Bb4 Nb6 27. f4 Na4 28.
Ne3 Ka8 29. f5 a5 30. Rxa4 bxa4 31. Ba3 Re8 32. Qf3 Rhg8 33. Qh1 Qc7 34. Bg2
Rc8 35. Qf1 Ka7 36. Qf2 Ka8 37. Qe2 Ka7 38. Qf2 Ka8 39. Qe2 1/2-1/2

[Event "CRO Team Cup"]
[Site "Mali Losinj"]
[Date "2017.05.14"]
[Round "6.23"]
[White "Kovacevic, Blazimir"]
[Black "Djurovic, Goran"]
[Result "1-0"]
[WhiteElo "2479"]
[BlackElo "2389"]
[PlyCount "79"]
[EventDate "2017.??.??"]
[WhiteClock "1:30:00"]
[BlackClock "1:30:00"]

1. Nf3 c5 2. c4 Nc6 3. d4 cxd4 4. Nxd4 Qb6 5. Nb3 e6 6. a3 Nf6 7. Nc3 a6 8. e4
Qc7 9. f4 d6 10. Be3 b6 11. Be2 Rb8 12. Rc1 Be7 13. Nd5 Qd8 14. Nxe7 Qxe7 15.
Bf3 e5 16. f5 Nd7 17. Na1 a5 18. b4 axb4 19. Qa4 Bb7 20. axb4 Ra8 21. Qb3 Nd4
22. Bxd4 exd4 23. O-O O-O 24. Nc2 Nf6 25. Rfe1 Qe5 26. Rcd1 Bc6 27. b5 Bxe4 28.
Bxe4 Nxe4 29. Rxd4 Nc5 30. Qf3 Qf6 31. Qf4 Rfe8 32. Rxe8+ Rxe8 33. Ne3 Ra8 34.
h3 h6 35. Qxd6 Qg5 36. Qf4 Qe7 37. Kh2 Ra1 38. Qb8+ Kh7 39. Rd8 g5 40. Rh8+ 1-0

[Event "CRO Team Cup"]
[Site "Mali Losinj"]
[Date "2017.05.14"]
[Round "6.24"]
[White "Dutina, Dario"]
[Black "Kuljasevic, Davorin"]
[Result "1/2-1/2"]
[WhiteElo "2285"]
[BlackElo "2542"]
[PlyCount "48"]
[EventDate "2017.??.??"]
[WhiteClock "1:29:00"]
[BlackClock "1:30:00"]

1. e4 e6 2. d4 d5 3. Bd3 dxe4 4. Bxe4 Nf6 5. Bf3 Nbd7 6. Ne2 e5 7. Nbc3 Bd6 8.
O-O O-O 9. Bg5 h6 10. Bh4 Re8 11. Bg4 g5 12. Bxd7 Bxd7 13. dxe5 Bxe5 14. Bg3
Bg4 15. Bxe5 Rxe5 16. f3 Bf5 17. Nd4 Bg6 18. Rf2 Nd5 19. Qd2 Ne3 20. Ne4 Ng4
21. Re2 Bxe4 22. fxg4 c5 23. Nf3 Rd5 24. Qe3 Bxf3 1/2-1/2

[Event "CRO Team Cup"]
[Site "Mali Losinj"]
[Date "2017.05.14"]
[Round "6.31"]
[White "Brkic, Ante"]
[Black "Lalic, Bogdan"]
[Result "1-0"]
[WhiteElo "2553"]
[BlackElo "2449"]
[PlyCount "99"]
[EventDate "2017.??.??"]
[WhiteClock "1:30:00"]
[BlackClock "1:30:00"]

1. e4 c5 2. Nf3 Nc6 3. d4 cxd4 4. Nxd4 Nf6 5. Nc3 e5 6. Ndb5 d6 7. Bg5 a6 8.
Na3 b5 9. Nd5 Be7 10. Bxf6 Bxf6 11. c4 b4 12. Nc2 O-O 13. h4 Be6 14. g3 a5 15.
Qd3 Bxd5 16. cxd5 Nb8 17. Ne3 Nd7 18. Rc1 Nc5 19. Rxc5 dxc5 20. Nc4 Qb8 21. Bh3
Rd8 22. d6 Qb5 23. Qd5 Qa4 24. a3 bxa3 25. bxa3 Rab8 26. O-O Rb3 27. d7 Rc3 28.
Nxe5 Qb3 29. Qxb3 Rxb3 30. Nc6 Kf8 31. Rc1 Rxa3 32. Rxc5 Ra8 33. Ne5 Rd8 34.
Rc8 Rc3 35. Rxc3 Bxe5 36. Rc5 f6 37. Rxa5 Ke7 38. Rc5 Bd4 39. Rc6 Rf8 40. Kg2
g6 41. Be6 Be5 42. f4 Bd6 43. Rc8 Rd8 44. Kh3 Bb4 45. h5 Ba5 46. Rc6 gxh5 47.
Kh4 Rb8 48. Rc8 Rb2 49. Re8+ Kd6 50. Bh3 1-0

[Event "CRO Team Cup"]
[Site "Mali Losinj"]
[Date "2017.05.14"]
[Round "6.32"]
[White "Plenkovic, Zdenko"]
[Black "Stocko, Josip"]
[Result "0-1"]
[WhiteElo "2413"]
[BlackElo "2331"]
[PlyCount "96"]
[EventDate "2017.??.??"]
[WhiteClock "1:25:00"]
[BlackClock "1:30:00"]

1. g3 Nf6 2. Bg2 c5 3. Nf3 Nc6 4. O-O d5 5. c4 d4 6. e3 g6 7. exd4 cxd4 8. b4
Bg7 9. b5 Na5 10. d3 O-O 11. Bb2 Ng4 12. Re1 Re8 13. Nbd2 e5 14. Qe2 Bd7 15.
Nb3 a6 16. bxa6 Rxa6 17. Nc5 Ra8 18. Nxd7 Qxd7 19. Nd2 Nf6 20. Ne4 Nxe4 21.
Qxe4 Nc6 22. a3 Bf8 23. Reb1 Ra4 24. Bc1 Rea8 25. Rb3 Na5 26. Rb6 Nc6 27. Rab1
R8a7 28. Qe2 Qc7 29. Bxc6 bxc6 30. Rb8 Ra8 31. R8b7 Qd6 32. Qf3 Qe6 33. Rb8 Kg7
34. Rxa8 Rxa8 35. Qe4 Ra7 36. Qh4 h5 37. Qg5 Ra8 38. Rb7 Kg8 39. a4 Qf5 40. Rc7
Qxd3 41. Rxc6 Rxa4 42. Rc8 Rxc4 43. Rxf8+ Kxf8 44. Qd8+ Kg7 45. Bh6+ Kh7 46.
Qf8 Qb1+ 47. Kg2 Qb7+ 48. Kh3 Qc8+ 0-1

[Event "CRO Team Cup"]
[Site "Mali Losinj"]
[Date "2017.05.14"]
[Round "6.33"]
[White "Goric, Esad"]
[Black "Loncar, Robert"]
[Result "1/2-1/2"]
[WhiteElo "2279"]
[BlackElo "2356"]
[PlyCount "133"]
[EventDate "2017.??.??"]
[WhiteClock "1:30:00"]
[BlackClock "1:30:00"]

1. Nf3 Nf6 2. b3 e6 3. Bb2 b6 4. e3 Bb7 5. Be2 Be7 6. O-O c5 7. c4 O-O 8. d4 d6
9. Nc3 a6 10. Rc1 Nbd7 11. dxc5 bxc5 12. Qc2 Qc7 13. Rfd1 Bc6 14. Ne1 Rfd8 15.
Bf3 Ne5 16. Bxc6 Nxc6 17. Na4 Nb4 18. Qe2 Nxa2 19. Ra1 Nb4 20. Nc3 Qb7 21. Nc2
Nc6 22. Ra3 d5 23. cxd5 exd5 24. Na4 d4 25. Raa1 Qb5 26. Qf3 Ne5 27. Qf5 Ng6
28. exd4 Qxb3 29. Ne3 cxd4 30. Bxd4 Qb5 31. Qf3 Ne5 32. Qh3 Nc6 33. Nf5 Nxd4
34. Nxd4 Qg5 35. Qf3 Bf8 36. h3 a5 37. Nc6 Rxd1+ 38. Rxd1 Re8 39. Qb3 Qf5 40.
Nd4 Qf4 41. g3 Qe4 42. Nc3 Qe5 43. Nf3 Qf5 44. Kg2 h6 45. Nd5 Nxd5 46. Rxd5 Qe6
47. Qb5 Ra8 48. Rd4 Bb4 49. Rf4 Rd8 50. h4 Qd5 51. Qb6 Re8 52. Rd4 Qc5 53. Qa6
Qc2 54. Rf4 Bc5 55. Ng1 Bb4 56. Nf3 Qc8 57. Qb5 Re7 58. Rd4 Qa8 59. Qd3 Re8 60.
Qb5 Rc8 61. Rd7 Qb8 62. Qd5 Rf8 63. Ne5 Qa8 64. Nc6 Qe8 65. Nxb4 axb4 66. Rb7
Qe1 67. Qc4 1/2-1/2